000 00514nam a2200181Ia 4500
001 5156
005 20260306145847.0
008 260306t2004||||xx |||||||||||||| ||spa||
041 _aESP
082 _a336.07
_bP44
100 _aPérez, Carlota
_eAUT
245 0 _aRevoluciones tecnológicas y capital financiero:
_bla dinámica de las grandes burbujas financieras y las épocas de bonanza
260 _c2004
300 _a269 páginas :
_c21 cm.
650 _aGEN
654 _aCAN
942 _cLIB
_dJUS
_fJUS
_2ddc
_n
999 _c5156
_d5156